Statistics for 50 Biggest Cities and Their Countries

Click here to take the quiz!

General Stats

  • This quiz has been taken 689 times
    (646 since last reset)
  • The average score is 76 of 100

Answer Stats

Population Urban Area % Correct
China
96%
China
96%
China
96%
China
96%
China
96%
China
96%
China
96%
China
96%
China
96%
China
96%
United States
95%
39,500,000 Tokyo
95%
United States
95%
United States
95%
United States
95%
United States
95%
United States
95%
22,000,000 New York
94%
Japan
93%
Japan
93%
Japan
93%
17,600,000 Los Angeles
92%
India
91%
India
91%
India
91%
India
91%
India
91%
India
91%
14,400,000 London
91%
30,900,000 Shanghai
91%
21,100,000 Beijing
91%
India
91%
United Kingdom
90%
Mexico
89%
11,200,000 Paris
89%
26,400,000 Delhi
89%
Russia
89%
Brazil
88%
Brazil
88%
16,900,000 Moscow
88%
France
87%
12,700,000 Rio de Janeiro
86%
23,200,000 Mumbai
84%
9,800,000 Chicago
83%
Indonesia
82%
21,800,000 São Paulo
82%
22,100,000 Mexico City
82%
28,100,000 Jakarta
81%
16,800,000 Cairo
80%
Egypt
80%
Argentina
79%
24,400,000 Seoul
79%
South Korea
78%
Pakistan
77%
47,700,000 Guangzhou
77%
Pakistan
77%
15,800,000 Buenos Aires
77%
17,800,000 Osaka
77%
Turkey
75%
14,300,000 Istanbul
75%
Nigeria
74%
23,300,000 Manila
74%
Philippines
73%
South Africa
73%
16,900,000 Bangkok
71%
13,400,000 Johannesburg
71%
Iran
71%
Thailand
70%
7,600,000 San Francisco
70%
13,700,000 Tehran
69%
16,000,000 Kolkata
69%
17,100,000 Lagos
69%
Colombia
67%
24,300,000 Karachi
67%
Bangladesh
67%
9,350,000 Bogotá
66%
8,350,000 Washington, DC
65%
7,350,000 Boston
63%
17,600,000 Dhaka
63%
9,950,000 Lima
62%
Vietnam
62%
Peru
61%
10,000,000 Chennai
59%
D.R. Congo
58%
8,250,000 Ho Chi Minh City
57%
Taiwan
56%
9,050,000 Taipei
56%
10,500,000 Bengaluru
56%
10,200,000 Lahore
55%
10,600,000 Kinshasa
54%
9,000,000 Hyderabad
48%
10,400,000 Nagoya
48%
11,400,000 Tianjin
47%
9,600,000 Chengdu
43%
7,450,000 Ahmedabad
41%
10,000,000 Xiamen
38%
8,000,000 Wuhan
33%
8,300,000 Hangzhou
29%
7,650,000 Shenyang
22%
7,950,000 Shantou
16%

Score Distribution

Percentile by Number Answered

Percent of People with Each Score

Your Score History

You have not taken this quiz since the last reset